[Event "New York op"]
[Site "New York"]
[Date "1988.??.??"]
[Round "?"]
[White "Rodriguez, Amador"]
[Black "De Firmian, Nick E"]
[Result "0-1"]
[WhiteElo "2540"]
[BlackElo "2515"]

1.e4 c5 2.Nf3 d6 3.c3 Nf6 4.Be2 g6 5.O-O Bg7 6.Re1 O-O 7.Bf1 Bg4 8.d3 Nc6
9.Nbd2 e5 10.h3 Be6 11.a3 h6 12.b4 a6 13.Rb1 b5 14.Nb3 Nd7 15.d4 exd4 16.cxd4 Bxb3
17.Rxb3 cxd4 18.Bb2 Qb6 19.Ba1 Rfe8 20.Qd2 Rac8 21.Rbb1 Nde5 22.Nxd4 Nxd4
23.Bxd4 Qxd4 24.Qxd4 Nf3+ 25.gxf3 Bxd4 26.Rec1 Kf8 27.Bd3 Rxc1+ 28.Rxc1 Bb2
29.Rc6 Ra8 30.a4 bxa4 31.Rxa6 Rxa6 32.Bxa6 Bc3 33.Kg2 Bxb4 34.f4 f5 35.Kf3 Bd2
36.Bb5 a3 37.Bc4 Ke7 38.Ba2 Bc1 39.Bb3 Kd7 40.Bd5 Kc7 41.exf5 gxf5 42.Ke2 Kb6
43.Kd1 Bxf4 44.Kc2 Be5 45.Kb3 Bb2 46.f4 Kc5 47.Be6 Kd4 48.Bxf5 Ke3 49.Be6 Kxf4
50.Kc2 Ke4 51.Bc8 d5 52.Bb7 Ke5 53.Ba6 Kf4 54.Bc8 Ke3 55.Be6 d4 56.Bc4 d3+
57.Bxd3 a2 58.Kxb2 Kxd3 59.Kxa2 Ke2 60.Kb2 Kf3 61.Kc3 Kg3 62.Kd3 Kxh3 63.Ke4  0-1

[Event "New York op"]
[Site "New York"]
[Date "1988.??.??"]
[Round "?"]
[White "Rodriguez Vargas, Orestes"]
[Black "De Firmian, Nick E"]
[Result "0-1"]
[WhiteElo "2420"]
[BlackElo "2515"]

1.d4 Nf6 2.Nf3 e6 3.Bg5 c5 4.e3 Qb6 5.Nbd2 Qxb2 6.Bxf6 gxf6 7.Bd3 Qc3 8.O-O d5
9.dxc5 Qxc5 10.c4 Bg7 11.cxd5 Qxd5 12.Qc2 Nc6 13.Rab1 Qd7 14.Nc4 h6 15.Rfd1 Qc7
16.Bh7 f5 17.Nd6+ Kf8 18.Bxf5 exf5 19.Nh4 Be5 20.Ndxf5 Be6 21.f4 Bf6 22.Nf3 Rc8
23.Qe4 Bxa2 24.Rbc1 Rd8 25.Ne5 Be6 26.Ng4 Bb2 27.Rb1 Rxd1+ 28.Rxd1 h5 29.Ne5 Bxe5
30.fxe5 Bxf5 31.Qxf5 Qxe5 32.Rd8+ Kg7  0-1

[Event "New York op"]
[Site "New York"]
[Date "1988.??.??"]
[Round "?"]
[White "Larsen, Bent"]
[Black "De Firmian, Nick E"]
[Result "1/2-1/2"]
[WhiteElo "2570"]
[BlackElo "2515"]

1.c4 c5 2.g3 Nc6 3.Bg2 b6 4.b3 Bb7 5.Bb2 Nf6 6.Nf3 e6 7.O-O Be7 8.Nc3 O-O
9.d4 Nxd4 10.Nxd4 Bxg2 11.Kxg2 cxd4 12.Qxd4 Qc7 13.Rfd1 Rfd8 14.Qf4 Qxf4
15.gxf4 a6 16.Kf3 Kf8 17.Rd3 Rac8 18.Rad1 Ke8 19.a4 Rc6 20.e3 Rcc8 21.Ne2 b5
22.cxb5 axb5 23.a5 Ra8 24.Be5 Nd5 25.Rxd5 exd5 26.Rxd5 f6 27.Bc7 Rdc8 28.Bb6 b4
29.Nd4 Rab8 30.Nb5 Rb7 31.h4 Rc6 32.Nd4 Rcxb6 33.axb6 Rxb6 34.Rh5 h6 35.Ra5 Rb8
36.h5 Rc8 37.Ke4 Bc5 38.Nf5 Bf8 39.Rb5 Rc3 40.Nd4 Kf7 41.Rb7 Ke8 42.Rb8+ Kf7
43.Rb5 Be7 44.Rd5 Ke8 45.Kf5 Bc5 46.Kg6 Bxd4 47.Rxd4 Rxb3 48.Kxg7 Ke7 49.Kxh6 Rb2
50.Kg6 b3 51.Re4+ Kd6 52.Rb4 Rxf2 53.Kxf6 b2 54.h6 Rh2 55.h7 Rxh7 56.Rxb2 Rh6+
57.Kg5 Rh3 58.e4 Ke7 59.e5 Rh1 60.Rb6  1/2-1/2

[Event "World op"]
[Site "Philadelphia"]
[Date "1988.??.??"]
[Round "?"]
[White "De Firmian, Nick E"]
[Black "Gulko, Boris F"]
[Result "1/2-1/2"]
[WhiteElo "2515"]
[BlackElo "2595"]

1.e4 e5 2.Nf3 Nc6 3.Bb5 Nf6 4.O-O Bc5 5.Nxe5 Nxe5 6.d4 a6 7.Ba4 Nxe4 8.Qe2 Be7
9.Qxe4 Ng6 10.c4 O-O 11.Nc3 c6 12.d5 b5 13.Bb3 bxc4 14.Qxc4 c5 15.d6 Bxd6
16.Ne4 Be5 17.Nxc5  1/2-1/2

[Event "World op"]
[Site "Philadelphia"]
[Date "1988.??.??"]
[Round "?"]
[White "De Firmian, Nick E"]
[Black "Edelman, Daniel"]
[Result "1-0"]
[WhiteElo "2515"]
[BlackElo "2360"]

1.e4 e6 2.d4 d5 3.Nc3 Bb4 4.e5 c5 5.a3 Bxc3+ 6.bxc3 Ne7 7.Nf3 Qa5 8.Bd2 Nbc6
9.Be2 cxd4 10.cxd4 Qa4 11.Rb1 Nxd4 12.Bd3 Nxf3+ 13.Qxf3 Qd7 14.O-O O-O 15.Rfe1 a6
16.Qh5 Nf5 17.g4 g6 18.Qh3 Ng7 19.Bg5 f5 20.exf6 Ne8 21.Qh4 e5 22.Rxe5 Qxg4+
23.Qxg4 Bxg4 24.Rxb7 Nxf6 25.Ree7 Bf5 26.Bxf5 gxf5 27.Kf1 Rac8 28.Bh6 Rfe8
29.Rg7+ Kh8 30.Rgf7 Nh5 31.Rxh7+ Kg8 32.Be3  1-0

[Event "World op"]
[Site "Philadelphia"]
[Date "1988.??.??"]
[Round "?"]
[White "De Firmian, Nick E"]
[Black "Ashley, Maurice"]
[Result "1-0"]
[WhiteElo "2515"]
[BlackElo "2280"]

1.e4 c5 2.Nf3 d6 3.Nc3 Nc6 4.d4 cxd4 5.Nxd4 Nf6 6.Bc4 e6 7.Be3 Be7 8.Qe2 O-O
9.O-O-O Bd7 10.Bb3 Rc8 11.Rhg1 Na5 12.f3 Nxb3+ 13.axb3 e5 14.Ndb5 Qa5 15.Kb1 d5
16.Nxd5 Nxd5 17.Rxd5 Bc6 18.Nxa7 Bxd5 19.Nxc8 Rxc8 20.exd5 Qxd5 21.Rd1 Qe6
22.Qd3 h6 23.Qe4 Qa6 24.Bc1 Bd6 25.Qd3 Qc6 26.c3 Bf8 27.Qe4 Qb6 28.Kc2 Rc7
29.Be3 Qa6 30.Bf2 Qe6 31.Rd8 Qe7 32.Qd5 Rc6 33.b4 Rd6 34.Rxd6 Qxd6 35.Qxd6 Bxd6
36.Kd3 f5 37.Kc4 Kf7 38.Kd5 Bc7 39.Bg3 Kf6 40.c4 g5 41.c5 h5 42.b5 h4 43.Bf2 Ke7
44.b6 Bb8 45.h3 Kd7 46.b4  1-0

[Event "World op"]
[Site "Philadelphia"]
[Date "1988.??.??"]
[Round "4"]
[White "De Firmian, Nick E"]
[Black "Odendahl, Steven M"]
[Result "1-0"]
[WhiteElo "2515"]
[BlackElo "2410"]

1.e4 c6 2.d4 d5 3.Nc3 dxe4 4.Nxe4 Nf6 5.Nxf6+ exf6 6.c3 Bd6 7.Bd3 O-O 8.Qc2 g6
9.Ne2 Nd7 10.h4 Re8 11.h5 Nf8 12.Bh6 Be6 13.O-O-O Qa5 14.a3 Qc7 15.hxg6 fxg6
16.Rh4 Qf7 17.Rdh1 f5 18.Nf4 Bb3 19.Qd2 Re7 20.g4 Bxf4 21.Bxf4 fxg4 22.Rxg4 Be6
23.Rgh4 Bf5 24.Bd6 Rd7 25.Be5 Re8 26.f4 c5 27.Kb1 c4 28.Bc2 Qe6 29.Ka1 b5
30.Bxf5 Qxf5 31.Qg2 Rf7 32.Rh5 Qe6 33.Rf1 Rd8 34.f5 Qd5 35.Qg4 Qc6 36.Rg1 Rfd7
37.Qh4 Qf3 38.fxg6 hxg6 39.Rh8+ Kf7 40.Qe1  1-0

[Event "Thessaloniki ol (Men)"]
[Site "Thessaloniki"]
[Date "1988.??.??"]
[Round "6"]
[White "Haba, Petr"]
[Black "De Firmian, Nick E"]
[Result "1/2-1/2"]
[WhiteElo "2470"]
[BlackElo "2560"]

1.e4 c5 2.Nf3 d6 3.d4 cxd4 4.Nxd4 Nf6 5.Nc3 a6 6.Be2 e5 7.Nb3 Be7 8.O-O O-O
9.Be3 Be6 10.Nd5 Nxd5 11.exd5 Bf5 12.Qd2 Nd7 13.a4 Rc8 14.c4 h6 15.Na5 Qc7
16.b4 e4 17.Rac1 Ne5 18.c5 Nd3 19.Bxd3 exd3 20.Bf4 Qd7 21.Nc4 Rce8 22.Bxd6 Bxd6
23.Nxd6 Re2 24.Qf4 Bg6 25.b5 axb5 26.axb5 d2 27.Rcd1 Qc7 28.Qc4 Qe7 29.b6 Rd8
30.h3 Kh7 31.Qd4 Qg5 32.h4 Qh5 33.Rxd2 Rxd2 34.Qxd2 Qxh4 35.Nxb7 Re8 36.Nd6 Re5
37.f4 Rh5 38.Rf3 Qh1+ 39.Kf2 Qb1 40.Rh3 Rxh3 41.gxh3 Bd3 42.Kg2 Qf1+ 43.Kh2 Be2
44.Qe3 Bf3 45.Qg1 Qe2+ 46.Kg3 Bxd5 47.Qf2 Qd3+ 48.Kh2 Qb1  1/2-1/2

[Event "Thessaloniki ol (Men)"]
[Site "Thessaloniki"]
[Date "1988.??.??"]
[Round "7"]
[White "De Firmian, Nick E"]
[Black "Vogt, Lothar"]
[Result "1/2-1/2"]
[WhiteElo "2560"]
[BlackElo "2485"]

1.e4 c5 2.Nf3 e6 3.d4 cxd4 4.Nxd4 Nf6 5.Nc3 d6 6.f4 Nc6 7.Nf3 Be7 8.Bd3 O-O
9.O-O Nb4 10.e5 dxe5 11.fxe5 Nfd5 12.Ne4 Qb6+ 13.Kh1 Ne3 14.Bxe3 Qxe3 15.Re1 Qb6
16.Bf1 Rd8 17.Qc1 Qc7 18.c3 Nc6 19.Ng3 Bd7 20.Nh5 Be8 21.Re4 g6 22.Nf6+ Bxf6
23.exf6 Qd6 24.Rh4 Qf8 25.Qe3 Rd5 26.Bd3 Rad8 27.Bc2 h5 28.Rf1 Qc5 29.Qc1 Ne5
30.Rxh5 Ng4 31.Rh4 Nxf6 32.Qf4 Nh5 33.Qh6 Qf8 34.Qe3 Qc5 35.Qc1 Qf8 36.Be4 R5d6
37.Bxb7 Nf6 38.Rf4 Nd5 39.Bxd5 Rxd5 40.Qe1 Qd6 41.Qh4 Rh5 42.Qf6 e5 43.Re1 Qxf6
44.Rxf6 Bb5 45.g4 Kg7 46.Rxf7+ Kxf7 47.gxh5 Bc6 48.Re3 gxh5 49.Kg1 Bxf3 50.Rxf3+ Ke6
51.b3 e4 52.Rf4 Ke5 53.Rh4 Rd1+ 54.Kf2 Rd2+ 55.Ke3 Rd3+ 56.Ke2 Rxc3 57.Rxh5+ Kd4
58.Ra5 Rc2+  1/2-1/2

[Event "Thessaloniki ol (Men)"]
[Site "Thessaloniki"]
[Date "1988.??.??"]
[Round "9"]
[White "De Firmian, Nick E"]
[Black "Beliavsky, Alexander G"]
[Result "1-0"]
[WhiteElo "2560"]
[BlackElo "2665"]

1.e4 e5 2.Nf3 Nc6 3.Bb5 a6 4.Ba4 Nf6 5.O-O Be7 6.Re1 b5 7.Bb3 d6 8.c3 O-O
9.h3 Nb8 10.d4 Nbd7 11.Nbd2 Bb7 12.Bc2 Re8 13.Nf1 Bf8 14.Ng3 g6 15.a4 c5
16.d5 c4 17.Bg5 h6 18.Be3 Nc5 19.Qd2 h5 20.Bg5 Be7 21.Bh6 Nfd7 22.Rf1 Bf6
23.Qe3 Qe7 24.Ng5 Bxg5 25.Bxg5 f6 26.Bh4 Qh7 27.f4 Qh6 28.Ne2 Rf8 29.Bf2 Rab8
30.axb5 axb5 31.Qg3 Ba6 32.Be3 Qg7 33.Qf3 b4 34.Ba4 Bb5 35.Bxb5 Rxb5 36.Ra7 Rf7
37.f5 bxc3 38.bxc3 g5 39.Bxc5 Nxc5 40.Ra8+ Rf8 41.Rxf8+ Kxf8 42.Qxh5 Nxe4
43.Ra1 Rb8 44.Qg4 Nc5 45.Qxc4 Qb7 46.Kh2 Ra8 47.Rxa8+ Qxa8 48.Ng3 Qa1 49.h4 Qa4
50.Qxa4 Nxa4 51.hxg5 Nxc3 52.g6 Ke7 53.Nh5 Nxd5 54.g4 Ne3 55.Kg3 d5 56.Kf3 d4
57.g5 Nxf5 58.gxf6+ Ke6 59.Ke4 Nh6 60.Kd3 Kf5 61.f7  1-0

[Event "Thessaloniki ol (Men)"]
[Site "Thessaloniki"]
[Date "1988.??.??"]
[Round "13"]
[White "Kovacevic, Vlatko"]
[Black "De Firmian, Nick E"]
[Result "1/2-1/2"]
[WhiteElo "2515"]
[BlackElo "2560"]

1.d4 Nf6 2.Nf3 e6 3.e3 c5 4.Bd3 d5 5.Nbd2 Nbd7 6.b3 b6 7.O-O Bb7 8.Ne5 Nxe5
9.dxe5 Nd7 10.Bb2 g6 11.f4 Bg7 12.Qg4 Qe7 13.c4 f6 14.Nf3 O-O-O 15.a4 a5
16.cxd5 Bxd5 17.Bc4 Kb7 18.Rad1 Nb8 19.Qh4 Rhf8 20.Qxh7 Nc6 21.exf6 Bxf6
22.Qxe7+ Bxe7 23.Ne5 Nxe5 24.Bxe5 Kc6 25.g3 g5 26.Kf2 Bd6 27.Bxd6 Rxd6 28.Rd2 Rh8
29.Kg1 g4 30.Rfd1 Rhd8 31.Kf2 Kc7 32.e4 Bxe4 33.Ke3 Rxd2 34.Rxd2 Rxd2 35.Kxd2 Kd6
36.Be2 Bf5 37.Kc3 Kd5 38.Ba6 Kd6 39.Bb7 Kc7 40.Bg2 Kd6 41.Kc4 Bc2 42.h3 gxh3
43.Bxh3 Bd1 44.Bf1 e5 45.fxe5+ Kxe5 46.Bd3 Kd6 47.Kc3 Bg4 48.Kd2 Ke5 49.Be2 Be6
50.Kc3 Ke4 51.Bc4 Bd7 52.Be2  1/2-1/2

[Event "USA-ch"]
[Site "?"]
[Date "1988.??.??"]
[Round "?"]
[White "Wilder, Michael"]
[Black "De Firmian, Nick E"]
[Result "1-0"]
[WhiteElo "2505"]
[BlackElo "2560"]

1.d4 Nf6 2.c4 e6 3.Nf3 b6 4.a3 c5 5.d5 exd5 6.cxd5 d6 7.e4 a6 8.Bd3 Nbd7
9.a4 g6 10.O-O Bg7 11.Na3 Ng4 12.Bg5 f6 13.Bh4 O-O 14.Ne1 Nde5 15.h3 Nh6
16.f4 Nxd3 17.Nxd3 Qc7 18.Rc1 Bd7 19.b4 Rae8 20.Re1 Nf7 21.a5 Qb7 22.Bf2 f5
23.axb6 Rxe4 24.Rxe4 fxe4 25.bxc5 Qxd5 26.Nb4 Qxd1+ 27.Rxd1 Ba4 28.Rb1 Nd8
29.Nxa6 Nb7 30.cxd6 Rd8 31.Nc5 Bc6 32.Nc4 Nxd6 33.Nxd6 Rxd6 34.b7 Bxb7 35.Rxb7 Rd1+
36.Kh2 Rd2 37.Nxe4 Re2 38.Rb4 Bf8 39.Rc4  1-0

[Event "USA-ch"]
[Site "?"]
[Date "1988.??.??"]
[Round "?"]
[White "Frias, Victor J"]
[Black "De Firmian, Nick E"]
[Result "1/2-1/2"]
[WhiteElo "2510"]
[BlackElo "2560"]

1.c4 Nf6 2.g3 c5 3.Bg2 Nc6 4.Nf3 b6 5.d4 cxd4 6.Nxd4 Bb7 7.O-O g6 8.b3 Bg7
9.Bb2 O-O 10.Nc3 Rc8 11.Qd2 Qc7 12.Rad1 Nxd4 13.Qxd4 Bxg2 14.Kxg2 Qb7+ 15.Kg1  1/2-1/2

[Event "USA-ch"]
[Site "?"]
[Date "1988.??.??"]
[Round "?"]
[White "De Firmian, Nick E"]
[Black "Kudrin, Sergey"]
[Result "1/2-1/2"]
[WhiteElo "2560"]
[BlackElo "2545"]

1.e4 c5 2.Nf3 d6 3.d4 cxd4 4.Nxd4 Nf6 5.Nc3 g6 6.Be3 Bg7 7.f3 Nc6 8.Qd2 O-O
9.Bc4 Bd7 10.h4 h5 11.O-O-O Ne5 12.Bb3 Rc8 13.Bh6 Bxh6 14.Qxh6 Rxc3 15.bxc3 Qc7
16.Kb1 Rc8 17.g4 a5 18.gxh5 a4 19.hxg6 axb3 20.cxb3 Qxc3 21.gxf7+ Kxf7 22.Rhg1 Bh3
23.Rg3 Bf1 24.Rg7+ Ke8 25.Qh8+ Kd7 26.Rxe7+ Kxe7 27.Nf5+ Kd7 28.Qg7+ Kc6
29.Rxd6+ Kc5 30.Qg1+ Kb4 31.Qxf1 Qc2+ 32.Ka1 Nxf3 33.Rb6+ Ka3 34.Ra6+ bxa6
35.Qxa6+ Kb4 36.Qb7+ Ka3 37.Qa6+  1/2-1/2

[Event "USA-ch"]
[Site "?"]
[Date "1988.??.??"]
[Round "?"]
[White "De Firmian, Nick E"]
[Black "Alburt, Lev O"]
[Result "0-1"]
[WhiteElo "2560"]
[BlackElo "2525"]

1.e4 Nf6 2.e5 Nd5 3.d4 d6 4.Nf3 g6 5.Bc4 Nb6 6.Bb3 Bg7 7.a4 d5 8.a5 Nc4 9.Nbd2 b5
10.axb6 Nxb6 11.O-O O-O 12.Re1 e6 13.Nf1 h6 14.Ne3 Kh7 15.Ng4 Rh8 16.Be3 Nc6
17.Qd2 Qf8 18.Ra3 Ne7 19.Nf6+ Bxf6 20.exf6 Nf5 21.Bf4 Nd6 22.Qc1 Nd7 23.Be5 Ne4
24.Bxc7 Nexf6 25.Ba4 a6 26.Bxd7 Nxd7 27.Ne5 f6 28.Rf3 Qe7 29.Ng4 g5 30.Ne3 Qg7
31.c4 dxc4 32.Qxc4 Bb7 33.d5 Rac8 34.Rh3 Ne5 35.Qc2+ Qg6 36.Qxg6+ Kxg6 37.Bxe5 fxe5
38.dxe6 h5 39.g4 h4 40.Nf5 Rc4 41.f3 Kf6 42.Nd6 Rb4 43.Nf7 Re8 44.Rxe5 Rxb2
45.Rf5+ Ke7 46.Rc5 Kf6 47.Rf5+ Ke7 48.Rc5 a5 49.Rxa5 Rc8 50.Ra1 Rcc2 51.Nxg5 Rg2+
52.Kh1 Rxg4 53.Rg1 Rf4 54.Re1 Rb5 55.Ne4 Re5 56.Kg2 Rxe6 57.Re2 Kf8 58.Nc3 Rg6+
59.Kf2 Rgf6 60.Ke3 Rc4 61.Kd3 Rb4 62.Ne4 Ba6+ 63.Ke3 Bxe2 64.Kxe2 Rf4 65.Nf2 Rb3
66.Nd3 Ra4 67.f4 Ra2+ 68.Kd1 Rb1+ 69.Nc1 Rf2 70.Rc3 Rxh2  0-1

[Event "USA-ch"]
[Site "?"]
[Date "1988.??.??"]
[Round "?"]
[White "De Firmian, Nick E"]
[Black "Rohde, Michael A"]
[Result "1/2-1/2"]
[WhiteElo "2560"]
[BlackElo "2565"]

1.e4 e5 2.Nf3 d6 3.d4 Nf6 4.Nc3 Nbd7 5.Bc4 Be7 6.O-O O-O 7.Re1 c6 8.a4 Qc7
9.h3 b6 10.Bg5 a6 11.Ba2 Re8 12.Bh4 h6 13.Bg3 Ra7 14.Nh4 b5 15.Nf5 Bf8 16.Qf3 exd4
17.Nxd4 b4 18.Nb1 Ne5 19.Qe3 c5 20.Nf3 Ng6 21.Nbd2 Bb7 22.Qd3 Nh5 23.Bh2 Nhf4
24.Qc4 Qd7 25.Bxf4 Nxf4 26.Rad1  1/2-1/2

[Event "American op"]
[Site "?"]
[Date "1989.??.??"]
[Round "3"]
[White "De Firmian, Nick E"]
[Black "Busquets, Luis"]
[Result "1-0"]
[WhiteElo "2570"]
[BlackElo "2320"]

1.e4 c5 2.Nf3 d6 3.d4 cxd4 4.Nxd4 Nf6 5.Nc3 a6 6.Bc4 e6 7.Bb3 Nc6 8.Be3 Be7
9.Qe2 Qc7 10.O-O-O Na5 11.g4 b5 12.g5 Nxb3+ 13.axb3 Nd7 14.h4 b4 15.Na2 Bb7
16.h5 Qa5 17.Kb1 Bxg5 18.Bxg5 Qxg5 19.Nxb4 O-O 20.Rhg1 Qf6 21.Na2 Rac8 22.Nc3 Rc5
23.Qg4 Qh6 24.Qg3 Rxh5 25.Qxd6 Nf6 26.f3 Rh3 27.Qb6 Bc8 28.Nc6  1-0

[Event "American op"]
[Site "?"]
[Date "1989.??.??"]
[Round "4"]
[White "Chapa, Eric"]
[Black "De Firmian, Nick E"]
[Result "0-1"]
[WhiteElo "2230"]
[BlackElo "2570"]

1.d4 Nf6 2.c4 e6 3.g3 c5 4.Nf3 cxd4 5.Nxd4 Nc6 6.Bg2 Qb6 7.Nb5 d5 8.O-O a6
9.Be3 Qa5 10.N5c3 dxc4 11.Bxc6+ bxc6 12.Na3 Ng4 13.Nxc4 Qh5 14.h4 Nxe3 15.Nxe3 Be7
16.Ng2 O-O 17.e4 Qa5 18.Rc1 c5 19.Ne3 Rd8 20.Qc2 Rd4 21.b3 Bb7 22.Nc4 Qc7
23.Rfe1 Rad8 24.Re3 h6 25.Rce1 Bc6 26.a4 Ba8 27.Ne2 f5 28.Nf4 Bxe4 29.Rxe4 fxe4
30.Nxe6 Qb7 31.Nxd8 Bxd8 32.Re3 Qd5 33.Qe2 h5 34.Kh2 Bc7 35.Kg2 Kh7 36.Kh3 Kh6
37.Rc3 g6 38.Ne3 Qd6 39.Nc4 Qd5 40.Ne3 Qd6 41.Ng2 Kh7 42.Rc2 Bd8 43.Qe3 Be7
44.Qf4 Kg7 45.Re2 Qxf4 46.Nxf4 Kf6 47.Kg2 Bd6 48.Nh3 Kf5 49.Ng5 Be7 50.Rc2 Rd3
51.Rc4 Rxb3 52.Nxe4 Rb4 53.Nd2 Rxc4 54.Nxc4 Ke4 55.Kf1 Kd4 56.Ne3 Kd3 57.Ke1 c4
58.Kd1 c3 59.Nc2 Bc5 60.f3 Bf2 61.g4 a5 62.gxh5 gxh5  0-1

[Event "American op"]
[Site "?"]
[Date "1989.??.??"]
[Round "7"]
[White "De Firmian, Nick E"]
[Black "Ginsburg, Mark"]
[Result "1-0"]
[WhiteElo "2570"]
[BlackElo "2405"]

1.e4 c5 2.Nf3 e6 3.d4 cxd4 4.Nxd4 a6 5.Nc3 Qc7 6.g3 Bb4 7.Ne2 Nf6 8.Bg2 Be7
9.O-O d6 10.a4 Nc6 11.h3 O-O 12.g4 Re8 13.Ng3 Nd7 14.f4 Rb8 15.g5 Bf8 16.b3 b5
17.axb5 axb5 18.Be3 Nb4 19.Qd2 Nxc2 20.Ra7 Qc6 21.Bf2 Nb4 22.Nce2 d5 23.Rc1 Qd6
24.e5 Nxe5 25.fxe5 Qxe5 26.Kh2 f6 27.gxf6 Qxf6 28.Bd4 e5 29.Rf1 Qh4 30.Bc3 Be6
31.Bxe5 Bxh3 32.Rxf8+ Rxf8 33.Rxg7+ Kh8 34.Rg5+  1-0

[Event "American op"]
[Site "?"]
[Date "1989.??.??"]
[Round "8"]
[White "McCambridge, Vincent"]
[Black "De Firmian, Nick E"]
[Result "0-1"]
[WhiteElo "2470"]
[BlackElo "2570"]

1.c4 c5 2.Nc3 Nc6 3.Nf3 Nf6 4.d4 cxd4 5.Nxd4 e6 6.Ndb5 Bb4 7.Bf4 O-O 8.Bc7 Qe7
9.Bd6 Bxd6 10.Qxd6 Qd8 11.e3 a6 12.Nd4 Ne8 13.Qc5 d6 14.Nxc6 Qc7 15.Ne7+ Qxe7
16.Qd4 Bd7 17.Be2 Bc6 18.O-O Nf6 19.e4 Rfd8 20.Rfe1 Rab8 21.a4 e5 22.Qd3 a5
23.Red1 Qc7 24.Rd2 Qb6 25.Rad1 Kf8 26.g4 Ne8 27.Qh3 h6 28.Qg3 g5 29.h4 Ke7
30.hxg5 hxg5 31.Rd5 Kf8 32.Qh3 Kg7 33.Kg2 Nc7 34.Rxd6 Rxd6 35.Rxd6 Ne6 36.Nd5 Qxb2
37.Qe3 Bxd5 38.exd5 Nf4+ 39.Kf3 e4+ 40.Qxe4 Qa3+  0-1

[Event "Biel"]
[Site "Biel"]
[Date "1989.??.??"]
[Round "?"]
[White "De Firmian, Nick E"]
[Black "Ivanchuk, Vassily"]
[Result "1/2-1/2"]
[WhiteElo "2595"]
[BlackElo "2660"]

1.e4 c5 2.Nf3 Nc6 3.d4 cxd4 4.Nxd4 Nf6 5.Nc3 d6 6.Bc4 e6 7.Be3 Be7 8.Qe2 O-O
9.O-O-O a6 10.Bb3 Nd7 11.Kb1 Qc7 12.f4 Nc5 13.f5 Nxb3 14.axb3 Bd7 15.Rhf1 Ne5
16.Nf3 Bc6 17.Nxe5 dxe5 18.fxe6 fxe6 19.Qg4 Rxf1 20.Rxf1 Qd7 21.Rd1 Qc8 22.h4 Kh8
23.Bg5  1/2-1/2

[Event "Biel"]
[Site "Biel"]
[Date "1989.??.??"]
[Round "?"]
[White "De Firmian, Nick E"]
[Black "Hort, Vlastimil"]
[Result "0-1"]
[WhiteElo "2595"]
[BlackElo "2570"]

1.e4 e5 2.Nf3 Nc6 3.Bb5 Nf6 4.O-O Nxe4 5.d4 Nd6 6.Bxc6 dxc6 7.dxe5 Nf5 8.Qxd8+ Kxd8
9.Nc3 h6 10.b3 Be6 11.Bb2 a5 12.h3 Bb4 13.Rad1+ Kc8 14.Ne2 a4 15.Nf4 Bc5
16.g4 Ne3 17.Nxe6 Nxd1 18.Nxc5 Nxb2 19.Re1 b6 20.Ne4 Rd8 21.Kf1 Ra5 22.b4 Rb5
23.a3 Nc4 24.Nc3 Nxa3 25.Ra1 Nxc2 26.Rxa4 Kb7 27.Nxb5 cxb5 28.Ra2 Nxb4 29.Re2 Rd1+
30.Kg2 Nd5 31.Kg3 b4  0-1

[Event "Biel"]
[Site "Biel"]
[Date "1989.??.??"]
[Round "?"]
[White "De Firmian, Nick E"]
[Black "Sokolov, Ivan"]
[Result "1/2-1/2"]
[WhiteElo "2595"]
[BlackElo "2525"]

1.e4 e5 2.Nf3 Nc6 3.Bb5 a6 4.Ba4 Nf6 5.O-O Be7 6.Re1 b5 7.Bb3 O-O 8.c3 d5
9.exd5 Nxd5 10.Nxe5 Nxe5 11.Rxe5 c6 12.Bxd5 cxd5 13.d4 Bd6 14.Re3 Qh4 15.h3 f5
16.Nd2 f4 17.Re1 Bxh3 18.Qf3 Bxg2 19.Qxg2 Qh5 20.Nf3 Rf6 21.Ng5 Rf5 22.Ne6 Qh6
23.Bd2 Re8 24.Qxg7+ Qxg7+ 25.Nxg7 Rxe1+ 26.Rxe1 Kxg7 27.Re6 Rf6 28.Rxf6  1/2-1/2

[Event "Biel"]
[Site "Biel"]
[Date "1989.??.??"]
[Round "?"]
[White "De Firmian, Nick E"]
[Black "Torre, Eugenio"]
[Result "1/2-1/2"]
[WhiteElo "2595"]
[BlackElo "2560"]

1.e4 e5 2.Nf3 Nc6 3.Bb5 a6 4.Ba4 Nf6 5.O-O Be7 6.Re1 b5 7.Bb3 d6 8.c3 O-O
9.h3 Na5 10.Bc2 c5 11.d4 Nc6 12.d5 Na5 13.Nbd2 g6 14.a4 Bd7 15.b4 Nb7 16.a5 Rc8
17.Nf1 Nh5 18.Bh6 Re8 19.Qd2 Bf8 20.Bg5 Be7 21.Be3 Bf6 22.Rac1 Bg7 23.Ng3 Nxg3
24.fxg3 Qc7 25.Bd3 cxb4 26.cxb4 Qb8 27.Rcd1 Nd8 28.g4 f6 29.Rc1 Nf7 30.Rxc8 Rxc8
31.Rc1 Bf8 32.Kf1 Be7 33.Ke2 Bd8 34.Rc3 Qb7 35.Rxc8 Qxc8 36.Qc1 Qxc1 37.Bxc1 Kf8
38.Be3 Ke8 39.Nd2  1/2-1/2

[Event "Biel"]
[Site "Biel"]
[Date "1989.??.??"]
[Round "?"]
[White "Hort, Vlastimil"]
[Black "De Firmian, Nick E"]
[Result "1/2-1/2"]
[WhiteElo "2570"]
[BlackElo "2595"]

1.d4 Nf6 2.c4 e6 3.Nc3 Bb4 4.Qc2 O-O 5.a3 Bxc3+ 6.Qxc3 b6 7.Bg5 Bb7 8.f3 h6
9.Bh4 c5 10.dxc5 bxc5 11.e3 Nc6 12.Nh3 Re8 13.Bd3 Qa5 14.Qxa5 Nxa5 15.Rc1 Nc6
16.Nf2 Kf8 17.O-O d6 18.Rfd1 Ke7 19.Ne4 Red8 20.f4 Rab8 21.Rc2 Ba6 22.Be1 Rb3
23.Bc3 Rdb8 24.Rcd2 R8b6 25.Kf2 Nxe4+ 26.Bxe4 Rxc3 27.bxc3 Na5 28.Rb1 Bxc4
29.Rxb6 axb6 30.Rb2 Bb3 31.Bc2 Bxc2 32.Rxc2 d5 33.Ke2 Kd6 34.Kd3 f5 35.h3 h5
36.g4 hxg4 37.hxg4 fxg4 38.Rg2 Ke7 39.Rxg4 Kf6 40.Rg2 Nc4 41.a4 e5 42.fxe5+ Nxe5+
43.Ke2 g5 44.Rf2+ Ke6 45.Rf8 Nc4 46.Kf3 Ke5 47.Re8+ Kf5 48.Rf8+ Ke5 49.Re8+ Kf5  1/2-1/2

[Event "Biel"]
[Site "Biel"]
[Date "1989.??.??"]
[Round "?"]
[White "De Firmian, Nick E"]
[Black "Hellers, Ferdinand"]
[Result "1/2-1/2"]
[WhiteElo "2595"]
[BlackElo "2560"]

1.e4 e5 2.Nf3 Nc6 3.Bb5 a6 4.Ba4 Nf6 5.O-O Nxe4 6.d4 b5 7.Bb3 d5 8.dxe5 Be6
9.Nbd2 Nc5 10.c3 d4 11.Bxe6 Nxe6 12.cxd4 Ncxd4 13.Ne4 Be7 14.Be3 Nf5 15.Qc2 O-O
16.Rad1 Nxe3 17.fxe3 Qc8 18.Nd4 Nxd4 19.exd4 Qe6 20.Qxc7 Rac8 21.Qa5 Rc2
22.Rf2 Qg4 23.Qe1 Bb4 24.Nc3 Rxf2 25.Kxf2 f6 26.exf6 Rxf6+ 27.Kg1 Re6 28.Qf1 Bd6
29.Qf3 Qxf3 30.gxf3 Rh6 31.Rd2 Bf4 32.Re2 Rd6 33.d5  1/2-1/2

[Event "Biel"]
[Site "Biel"]
[Date "1989.??.??"]
[Round "?"]
[White "Polugaevsky, Lev"]
[Black "De Firmian, Nick E"]
[Result "1/2-1/2"]
[WhiteElo "2595"]
[BlackElo "2595"]

1.d4 Nf6 2.c4 d6 3.Nc3 Bf5 4.Nf3 g6 5.Nh4 Bd7 6.e4 e5 7.Nf3 Nc6 8.d5 Ne7
9.c5 Bg7 10.cxd6 cxd6 11.Nd2 O-O 12.Be2 Ne8 13.a4 f5 14.Nc4 fxe4 15.Nxe4 Bf5
16.f3 Nf6 17.Ncxd6 Nxe4 18.Nxe4 Nxd5 19.O-O Qb6+ 20.Kh1 Nf4 21.Bc4+ Kh8 22.Qd6 Qxd6
23.Nxd6 Bd3 24.Bxd3 Nxd3 25.Ne4 b6 26.b3 Nxc1 27.Raxc1 Rac8 28.Rfd1 Bh6 29.Rxc8 Rxc8
30.g3 Rc7 31.Rd8+ Kg7 32.Re8 Rc1+ 33.Kg2 Rb1 34.Re7+ Kf8 35.Rxa7 Rb2+ 36.Kh3 Rxb3
37.Kg4 Bg7 38.Ng5 h5+ 39.Kh3 Bh6 40.Ne6+ Kg8 41.Rb7 Rxf3 42.Rxb6 Ra3  1/2-1/2

[Event "Biel"]
[Site "Biel"]
[Date "1989.??.??"]
[Round "?"]
[White "Sokolov, Ivan"]
[Black "De Firmian, Nick E"]
[Result "1/2-1/2"]
[WhiteElo "2525"]
[BlackElo "2595"]

1.d4 Nf6 2.c4 e6 3.Nc3 Bb4 4.Qc2 c5 5.dxc5 O-O 6.a3 Bxc5 7.Nf3 Nc6 8.Bg5 Nd4
9.Nxd4 Bxd4 10.e3 Qa5 11.exd4 Qxg5 12.Qd2 Qxd2+ 13.Kxd2 b6 14.Bd3 Bb7 15.f3 Rfd8
16.b4 d6 17.a4 e5 18.d5 a5 19.Rhb1 Bc8 20.bxa5 bxa5 21.Rb6 Kf8 22.Nb5 Ra6
23.Rc6 Bb7 24.Rc7 Rb6 25.Rb1 Ba6 26.Rc6 Rxc6 27.dxc6 Rc8 28.Nxd6 Rxc6 29.Rb8+ Ke7
30.Nf5+ Kd7 31.Nxg7 Bxc4 32.Nf5 Bxd3 33.Kxd3 Nd5 34.Ke4 Nc7 35.Kxe5 Rc5+
36.Kf6 Ne8+ 37.Kg5 f6+ 38.Kg4 Rc4+ 39.f4 Rxa4 40.Rb6 Ra2 41.g3 Rxh2 42.Ra6 h5+
43.Kf3 Ra2 44.Ke4 a4 45.Nd4 Nc7 46.Ra7 Kd6 47.Nf5+ Kc6 48.Ne7+ Kb6 49.Nc8+ Kc6  1/2-1/2

[Event "Lugano op"]
[Site "Lugano"]
[Date "1989.??.??"]
[Round "1"]
[White "Steinbacher, Matthias"]
[Black "De Firmian, Nick E"]
[Result "0-1"]
[WhiteElo "2320"]
[BlackElo "2570"]

1.c4 c5 2.g3 Nc6 3.Bg2 b6 4.e3 Bb7 5.d4 cxd4 6.exd4 Nf6 7.Nc3 e6 8.Nge2 Na5
9.Bxb7 Nxb7 10.Bg5 Be7 11.Rc1 O-O 12.O-O Nd6 13.Qd3 Rc8 14.Bxf6 Bxf6 15.c5 Nf5
16.b4 d6 17.cxb6 Qxb6 18.Nd5 exd5 19.Rxc8 Rxc8 20.Qxf5 Re8 21.Rc1 Qxb4 22.Kg2 Qb7
23.Nf4 Bxd4 24.Nxd5 Bc5 25.Rb1 Qc6 26.Qf3 Kf8 27.a4 Bxf2 28.Rb4 Bc5 29.Rf4 Qb7
30.Rf5 g6 31.Qc3 Kg8 32.Kh3 gxf5 33.Nf6+ Kf8 34.Nxh7+ Ke7 35.Qf6+ Kd7 36.Qxf7+ Re7
37.Nf6+ Kc6 38.Qd5+ Kb6 39.Qc4 Ka5 40.Nd5 Rh7+ 41.Kg2 Qb2+  0-1

[Event "Lugano op"]
[Site "Lugano"]
[Date "1989.??.??"]
[Round "2"]
[White "De Firmian, Nick E"]
[Black "Spiridonov, Nikola"]
[Result "1-0"]
[WhiteElo "2570"]
[BlackElo "2390"]

1.e4 c6 2.d4 d5 3.Nc3 dxe4 4.Nxe4 Nd7 5.Ng5 Ngf6 6.Bd3 e6 7.N1f3 Bd6 8.Qe2 h6
9.Ne4 Nxe4 10.Qxe4 Nf6 11.Qe2 b6 12.Bd2 Bb7 13.O-O-O Qc7 14.Ne5 O-O-O 15.f4 c5
16.dxc5 Bxc5 17.Kb1 Kb8 18.Rhe1 h5 19.h3 h4 20.Ba6 Bxa6 21.Qxa6 Bf2 22.Rf1 Bg3
23.Qa4 Rc8 24.Bb4 Nd5 25.c4 Bxf4 26.Nd7+ Kb7 27.cxd5 e5 28.Be7 a6 29.d6 Qc4
30.Qxc4 Rxc4 31.Nf8 Rxf8 32.Bxf8  1-0